00621cam a22002291 4500001001300000003000400013005001700017008004100034010001700075035002000092040001900112042001200131050001800143060002300161060002000184100002100204245003200225260005200257300001700309490002600326500003900352med47000470 DLC20260227111559.0810815s1946 xx 000 0 ita  amed47000470  a(OCoLC)14737933 aDLCcDNLMdDLC apremarc00aRC685.I6bM3300aWG 280bM444i 194600aFilm 3291 no. 11 aMattioli, Mario.12aL'infarto del miocardio ... aNapoli,bEdizioni scientifiche italiane,c1946. a357 p.bill.0 aCollana di monografie aMicrofilmed for preservation5DNLM